[Event "Polofinale MCR junioru 2024"]
[Site "Hotel Fit Fun, Ryžovište 427, 512 46 Harrachov v Krkonoších"]
[Date "2024.11.10"]
[Round "2"]
[Board "30"]
[White "Fousek, Petr"]
[Black "Husa, Daniel"]
[Result "0-1"]
[WhiteElo "1800"]
[BlackElo "2011"]
[PlyCount "0"]
[EventDate "2024.11.09"]
[EventRounds "9"]
[EventCountry "CZE"]

1. e4 c5 2. Nc3 Nc6 3. f4 d6 4. a4 g6 5. Bc4 Bg7 6. Nf3 e6 7. O-O Nge7 8. Re1 O-O
9. Ba2 b6 10. d3 Bb7 11. g4 Nd4 12. Nxd4 Bxd4+ 13. Be3 Bxe3+ 14. Rxe3 d5 15. Rh3
dxe4 16. dxe4 Nc6 17. Qe1 Nd4 18. Qf2 Qe7 19. Bc4 Rfd8 20. b3 Rd7 21. Re1 Qd8 22.
Rd3 a6 23. Red1 Bc6 24. R3d2 Nf3+ 25. Qxf3 Rxd2 26. Bd3 Qd4+  0-1

[Event "Polofinale MCR junioru 2024"]
[Site "Hotel Fit Fun, Ryžovište 427, 512 46 Harrachov v Krkonoších"]
[Date "2024.11.10"]
[Round "2"]
[Board "31"]
[White "Stejskal, Michal"]
[Black "Hampl, David"]
[Result "1-0"]
[WhiteElo "1957"]
[BlackElo "1830"]
[PlyCount "0"]
[EventDate "2024.11.09"]
[EventRounds "9"]
[EventCountry "CZE"]

1. e4 c6 2. d4 d5 3. e5 Bf5 4. Ne2 e6 5. Ng3 Bg6 6. h4 h5 7. Be2 c5 8. c3 Nc6 9.
Be3 Qb6 10. b3 cxd4 11. Bxd4 Nxd4 12. Qxd4 Bc5 13. Qa4+ Kf8 14. O-O Qc6 15. Qf4 Ne7
16. Nd2 b5 17. Nf3 a6 18. Ng5 Nf5 19. Nxf5 Bxf5 20. a4 Rb8 21. axb5 axb5 22. Kh2
Qc7 23. Ra6 f6 24. Qxf5 Qc8 25. Rxe6 Be7 26. Ra1 Kg8 27. exf6 Qc7+ 28. g3 Bxf6 29.
Qxd5 Kf8 30. Rxf6+  1-0

[Event "Polofinale MCR junioru 2024"]
[Site "Hotel Fit Fun, Ryžovište 427, 512 46 Harrachov v Krkonoších"]
[Date "2024.11.10"]
[Round "2"]
[Board "32"]
[White "Gloser, Tomáš"]
[Black "Tegda, Vojtech"]
[Result "1/2-1/2"]
[WhiteElo "1777"]
[BlackElo "1953"]
[PlyCount "0"]
[EventDate "2024.11.09"]
[EventRounds "9"]
[EventCountry "CZE"]

1. e4 e5 2. Nf3 Nc6 3. d4 exd4 4. Nxd4 Bc5 5. Be3 Qf6 6. c3 Nge7 7. Bc4 O-O 8. O-O
Bb6 9. Kh1 Ne5 10. Be2 d5 11. Nd2 dxe4 12. Nxe4 Qh4 13. Ng5 Nd5 14. Ngf3 Nxf3 15.
Nxf3 Nxe3 16. Nxh4 Nxd1 17. Raxd1 Be6 18. a3 Rfe8 19. Kg1 Bb3 20. Rd2 Bc5 21. Nf3
Bd6 22. Nd4 Bf4 23. Rd3 Bc4 24. Rf3 Bxe2 25. Nxe2 Rxe2 26. Rxf4 Rxb2 27. Rb4 Rxb4
28. cxb4 Rd8 29. Rc1 Rd3 30. f3 c6 31. b5 Rxa3 32. bxc6 bxc6 33. Rxc6 g6 34. Kf2
Ra2+ 35. Kg3 Kg7 36. h4 a5 37. Ra6 a4 38. Kf4 Ra1 39. g4 a3 40. Kg5 a2 41. Kf4 h5
42. gxh5 gxh5 43. Kf5  1/2-1/2

[Event "Polofinale MCR junioru 2024"]
[Site "Hotel Fit Fun, Ryžovište 427, 512 46 Harrachov v Krkonoších"]
[Date "2024.11.10"]
[Round "2"]
[Board "33"]
[White "Steinbauer, Sebastián"]
[Black "Švadlenka, Michal"]
[Result "1-0"]
[WhiteElo "1951"]
[BlackElo "1804"]
[PlyCount "0"]
[EventDate "2024.11.09"]
[EventRounds "9"]
[EventCountry "CZE"]

1. e4 c5 2. d4 cxd4 3. c3 dxc3 4. Nxc3 Nc6 5. Nf3 d6 6. Bc4 Nf6 7. e5 dxe5 8. Qxd8+
Kxd8 9. Ng5 Kc7 10. Nxf7 Rg8 11. Nxe5 Nxe5 12. Bxg8 Nxg8 13. Bf4 Kd6 14. O-O-O+ Ke6
15. Rhe1 Nf6 16. Bxe5 Kf7 17. Rd8 g6 18. f4 b6 19. Bxf6 exf6 20. Ree8 Bd6 21. Rxc8
 1-0

[Event "Polofinale MCR junioru 2024"]
[Site "Hotel Fit Fun, Ryžovište 427, 512 46 Harrachov v Krkonoších"]
[Date "2024.11.10"]
[Round "2"]
[Board "34"]
[White "Mrkvan, František"]
[Black "Meca, Viktor"]
[Result "1-0"]
[WhiteElo "1932"]
[BlackElo "1796"]
[PlyCount "0"]
[EventDate "2024.11.09"]
[EventRounds "9"]
[EventCountry "CZE"]

1. e4 c5 2. Nf3 Nc6 3. d4 cxd4 4. Nxd4 g6 5. Nc3 Bg7 6. Be3 Nf6 7. f3 d6 8. Qd2 O-O
9. Bc4 Bd7 10. O-O-O Rb8 11. Nxc6 bxc6 12. g4 Rb4 13. Bb3 a5 14. a3 Rb7 15. Bh6 Bh8
16. Bxf8 Qxf8 17. h4 Qg7 18. Rdg1 c5 19. h5 Qf8 20. hxg6 hxg6 21. Qg5 e6 22. Rxh8+
Kxh8 23. Qxf6+ Qg7 24. Rh1+ Kg8 25. Qd8+  1-0

[Event "Polofinale MCR junioru 2024"]
[Site "Hotel Fit Fun, Ryžovište 427, 512 46 Harrachov v Krkonoších"]
[Date "2024.11.10"]
[Round "2"]
[Board "35"]
[White "Bubela, Alexander Georg"]
[Black "Honcharov, Makar"]
[Result "1-0"]
[WhiteElo "1738"]
[BlackElo "1929"]
[PlyCount "0"]
[EventDate "2024.11.09"]
[EventRounds "9"]
[EventCountry "CZE"]

1. d4 d5 2. c4 e6 3. Nc3 c6 4. e4 Bb4 5. e5 Ne7 6. Nf3 Nd7 7. Bd3 dxc4 8. Bxc4 c5
9. O-O Bxc3 10. bxc3 O-O 11. Re1 h6 12. Bb3 Qc7 13. Bc2 c4 14. Nd2 Nb6 15. Qh5 Ng6
16. Ne4 Nd5 17. Qg4 Qe7 18. g3 b5 19. h4 Qb7 20. h5 Nge7 21. Bxh6 Nf5 22. Bxg7 Nxg7
23. Nf6+ Kh8 24. Qg5  1-0

[Event "Polofinale MCR junioru 2024"]
[Site "Hotel Fit Fun, Ryžovište 427, 512 46 Harrachov v Krkonoších"]
[Date "2024.11.10"]
[Round "2"]
[Board "36"]
[White "Beneš, Jáchym"]
[Black "Zezula, Matej"]
[Result "1-0"]
[WhiteElo "1916"]
[BlackElo "1767"]
[PlyCount "121"]
[EventDate "2024.11.09"]
[EventRounds "9"]
[EventCountry "CZE"]

1. d4 d5 2. c4 e6 3. Nc3 c5 4. Nf3 Nf6 5. cxd5 Nxd5 6. e4 Nxc3 7. bxc3 Nc6 8. Be2
Be7 9. O-O O-O 10. Be3 Qa5 11. Qb3 Rd8 12. Rfd1 cxd4 13. cxd4 Qb4 14. Rab1 Qxb3 15.
Rxb3 b6 16. Rc3 Bb7 17. d5 exd5 18. exd5 Na5 19. Rc7 Bd6 20. Rc2 Rac8 21. Rxc8 Rxc8
22. Nd4 Bc5 23. Nf5 Kf8 24. Bxc5+ Rxc5 25. Bf3 g6 26. Ne3 Ke7 27. g4 h6 28. Kg2 Kd6
29. Rd4 Ba6 30. Rf4 Ke7 31. d6+ Kxd6 32. Rxf7 Nc4 33. Nxc4+ Bxc4 34. Rxa7 Rc7 35.
Ra8 Kc5 36. Kg3 b5 37. a3 Kb6 38. Rh8 Ra7 39. Rxh6 Bd3 40. h4 Kc5 41. h5 gxh5 42.
Rxh5+ Kc4 43. Bc6 Ra5 44. Bxb5+ Rxb5 45. Rxb5 Kxb5 46. Kf4 Kc6 47. Ke5 Kd7 48. a4
Ke7 49. f4 Bc2 50. a5 Bd3 51. g5 Kf7 52. f5 Bc4 53. Kd6 Bd3 54. f6 Bc4 55. Ke5 Bd3
56. Kd5 Ba6 57. Kc5 Kg6 58. Kb6 Bc4 59. a6 Bd5 60. a7 Kxg5 61. Kc5  1-0

[Event "Polofinale MCR junioru 2024"]
[Site "Hotel Fit Fun, Ryžovište 427, 512 46 Harrachov v Krkonoších"]
[Date "2024.11.10"]
[Round "2"]
[Board "37"]
[White "Nagyová, Daniela"]
[Black "Adámek, Jan"]
[Result "1-0"]
[WhiteElo "1903"]
[BlackElo "1735"]
[PlyCount "59"]
[EventDate "2024.11.09"]
[EventRounds "9"]
[EventCountry "CZE"]

1. e4 e6 2. d4 d5 3. Nc3 Nf6 4. Bg5 dxe4 5. Nxe4 Be7 6. Bxf6 gxf6 7. Nf3 f5 8. Nc3
Bf6 9. Qd2 Na6 10. O-O-O O-O 11. Rg1 Kh8 12. h3 c5 13. Qe3 cxd4 14. Nxd4 Qa5 15.
g4 Rg8 16. f4 Nb4 17. Kb1 Nc6 18. Nde2 Ne7 19. g5 Bg7 20. Bg2 Rb8 21. Nd4 a6 22.
h4 Re8 23. h5 Kg8 24. Nb3 Qc7 25. Rd3 b6 26. Rgd1 a5 27. Nb5 Qc4 28. Nd6 Qa4 29.
Nxe8 Qxe8 30. Rd8  1-0

[Event "Polofinale MCR junioru 2024"]
[Site "Hotel Fit Fun, Ryžovište 427, 512 46 Harrachov v Krkonoších"]
[Date "2024.11.10"]
[Round "2"]
[Board "38"]
[White "Lána, Vincent"]
[Black "Jakubše, Tamae Severína"]
[Result "0-1"]
[WhiteElo "1696"]
[BlackElo "1895"]
[PlyCount "84"]
[EventDate "2024.11.09"]
[EventRounds "9"]
[EventCountry "CZE"]

1. e4 e5 2. Nf3 Nc6 3. Bc4 Nf6 4. d4 exd4 5. e5 d5 6. Bb5 Ne4 7. Nxd4 Bc5 8. Be3
O-O 9. Nxc6 bxc6 10. Bxc5 Nxc5 11. Bxc6 Rb8 12. O-O Qe7 13. Nc3 Qxe5 14. Re1 Qd6
15. Qxd5 Qxd5 16. Nxd5 Rxb2 17. Nxc7 Rxc2 18. Rac1 Rxc1 19. Rxc1 Nd3 20. Rd1 Nb4
21. Bd5 Nxd5 22. Rxd5 Bb7 23. Ra5 Rc8 24. Rc5 Kf8 25. Rc3 Ke7 26. Nb5 Rxc3 27. Nxc3
Ba6 28. f3 Kd6 29. Kf2 Kc5 30. Ke3 Bc4 31. a3 Bf1 32. Ne4+ Kb5 33. Kf2 Bd3 34. Nd6+
Ka4 35. Nxf7 Kxa3 36. Ke3 Bf1 37. Ng5 a5 38. Kd2 Kb2 39. Ne4 a4 40. Nc3 a3 41. Na4+
Kb3 42. Nc5+ Kc4  0-1

[Event "Polofinale MCR junioru 2024"]
[Site "Hotel Fit Fun, Ryžovište 427, 512 46 Harrachov v Krkonoších"]
[Date "2024.11.10"]
[Round "2"]
[Board "39"]
[White "Šigut, Ondrej"]
[Black "Vokoun, Michal"]
[Result "1-0"]
[WhiteElo "1893"]
[BlackElo "1688"]
[PlyCount "75"]
[EventDate "2024.11.09"]
[EventRounds "9"]
[EventCountry "CZE"]

1. e4 c5 2. Nf3 g6 3. c3 d5 4. e5 Nc6 5. d4 cxd4 6. cxd4 Bg4 7. Bb5 Qb6 8. Nc3 e6
9. Be3 Nh6 10. O-O Nf5 11. Re1 Be7 12. h3 Bxf3 13. Qxf3 Nfxd4 14. Qd1 Bc5 15. Bxc6+
Nxc6 16. Na4 Bxe3 17. Nxb6 Bxb6 18. Rc1 O-O 19. Qg4 Rfd8 20. h4 h5 21. Qf4 d4 22.
Rcd1 d3 23. Re4 Rd5 24. g4 hxg4 25. h5 g3 26. Qxg3 Nxe5 27. hxg6 Nxg6 28. Rxd3 Rad8
29. Rf3 Kg7 30. Re1 Rd2 31. Qg5 R8d7 32. Qf6+ Kg8 33. Rc1 Bd8 34. Rc8 Rd1+ 35. Kg2
R1d4 36. Rxd8+ Rxd8 37. Qxf7+ Kh8 38. Qxg6  1-0

[Event "Polofinale MCR junioru 2024"]
[Site "Hotel Fit Fun, Ryžovište 427, 512 46 Harrachov v Krkonoších"]
[Date "2024.11.10"]
[Round "2"]
[Board "40"]
[White "Peroutka, Šimon"]
[Black "Stejskal, Jakub"]
[Result "1-0"]
[WhiteElo "1892"]
[BlackElo "1672"]
[PlyCount "91"]
[EventDate "2024.11.09"]
[EventRounds "9"]
[EventCountry "CZE"]

1. e4 e6 2. d4 d5 3. Nd2 Bd7 4. Bd3 dxe4 5. Nxe4 Nf6 6. Nxf6+ Qxf6 7. Nf3 Qd8 8.
O-O c5 9. Be3 cxd4 10. Bxd4 Nc6 11. Bc3 f6 12. Re1 Bb4 13. Bxb4 Nxb4 14. Bc4 Kf7
15. Nd4 Re8 16. Qh5+ Kg8 17. Nxe6 Bxe6 18. Rxe6 Rxe6 19. Bxe6+ Kh8 20. Bf5 Qg8 21.
Qh4 a5 22. c3 Nc6 23. Re1 Rd8 24. h3 Ne5 25. f4 g5 26. fxg5 fxg5 27. Qxh7+ Qxh7 28.
Bxh7 Nc4 29. Re7 Rd1+ 30. Kh2 Rd2 31. Rxb7 Nxb2 32. Bb1 Nd1 33. c4 Ne3 34. c5 Nxg2
35. Kg3 Ne3 36. c6 Nf1+ 37. Kg4 Ne3+ 38. Kh5 Nd5 39. Kg6 Nf4+ 40. Kxg5 Ne6+ 41. Kf6
Nd8 42. c7 a4 43. c8=Q a3 44. Rh7+ Kg8 45. Qc4+ Kf8 46. Rh8#  1-0

[Event "Polofinale MCR junioru 2024"]
[Site "Hotel Fit Fun, Ryžovište 427, 512 46 Harrachov v Krkonoších"]
[Date "2024.11.10"]
[Round "2"]
[Board "41"]
[White "Hajícek, Matyáš"]
[Black "Cervený, Vojtech"]
[Result "0-1"]
[WhiteElo "1673"]
[BlackElo "1889"]
[PlyCount "140"]
[EventDate "2024.11.09"]
[EventRounds "9"]
[EventCountry "CZE"]

1. e4 c5 2. d4 cxd4 3. c3 dxc3 4. Nxc3 e6 5. Nf3 Nc6 6. Bc4 d6 7. O-O Be7 8. Qe2
Nf6 9. Rd1 Bd7 10. Nb5 Qb8 11. Bg5 a6 12. Bxf6 gxf6 13. Nc3 b5 14. Bb3 Rg8 15. Qe3
Rg6 16. Nh4 Rg5 17. Nf3 Rh5 18. Re1 Ne5 19. Nd4 Qa7 20. Bd1 Nc4 21. Qe2 Rh6 22. Nf3
Rc8 23. a4 b4 24. Nb1 a5 25. Nbd2 Ne5 26. Nxe5 fxe5 27. Qg4 Qd4 28. Re2 Rg6 29. Qh3
Bf6 30. Nb3 Qb6 31. Qxh7 Ke7 32. Qh5 Rcg8 33. g3 Rh8 34. Qf3 Rgh6 35. h4 Rg8 36.
Kf1 Bc8 37. Bc2 Rhg6 38. Ke1 Bb7 39. Rd1 Bc6 40. Nd2 Qc7 41. Bb3 Rd8 42. Nf1 Qd7
43. Red2 Qe8 44. Ne3 Bxa4 45. Nc4 Bxb3 46. Qxb3 Qc6 47. Nxd6 Kf8 48. Qc2 Rxd6 49.
Qxc6 Rxc6 50. Rd7 Rg4 51. Ra7 Rxe4+ 52. Kf1 Rd4 53. Re1 Rc2 54. b3 Rdd2 55. Rxa5
Rxf2+ 56. Kg1 Rg2+ 57. Kh1 Rxg3 58. Re4 Rh3+ 59. Kg1 Bxh4 60. Ra8+ Ke7 61. Ra7+ Kf6
62. Ra8 Rxb3 63. Ra1 Bf2+ 64. Kh1 Rh3+ 65. Kg2 Rg3+ 66. Kh1 Rc8 67. Rh4 Rg1+ 68.
Rxg1 Bxh4 69. Rg4 Be1 70. Rg2 Bc3  0-1

[Event "Polofinale MCR junioru 2024"]
[Site "Hotel Fit Fun, Ryžovište 427, 512 46 Harrachov v Krkonoších"]
[Date "2024.11.10"]
[Round "2"]
[Board "42"]
[White "Pešek, Martin Jakub"]
[Black "Dvorák, Jan"]
[Result "1-0"]
[WhiteElo "1627"]
[BlackElo "1873"]
[PlyCount "67"]
[EventDate "2024.11.09"]
[EventRounds "9"]
[EventCountry "CZE"]

1. e4 e6 2. d4 d5 3. exd5 exd5 4. Nc3 Bb4 5. Bd2 Nc6 6. Bb5 Nge7 7. Nge2 O-O 8.
O-O Nf5 9. Nf4 Nce7 10. Nce2 Bd6 11. c3 c6 12. Bd3 Qc7 13. Qc2 a5 14. Rae1 b6 15.
Kh1 g6 16. Qc1 c5 17. Ng3 Nxg3+ 18. fxg3 Qc6 19. c4 Bxf4 20. Bxf4 Bf5 21. cxd5 Qxd5
22. Bxf5 Nxf5 23. dxc5 Rac8 24. Re5 Qxa2 25. c6 Nd4 26. c7 Ne6 27. Bh6 Rxc7 28. Qe3
Rfc8 29. Qxb6 Qc4 30. Rfe1 a4 31. h3 Qd3 32. Rxe6 fxe6 33. Qxe6+ Kh8 34. Qe8+  1-0

[Event "Polofinale MCR junioru 2024"]
[Site "Hotel Fit Fun, Ryžovište 427, 512 46 Harrachov v Krkonoších"]
[Date "2024.11.11"]
[Round "3"]
[Board "1"]
[White "Tesar, Jakub"]
[Black "Vojta, Jakub"]
[Result "0-1"]
[WhiteElo "2097"]
[BlackElo "2264"]
[PlyCount "0"]
[EventDate "2024.11.09"]
[EventRounds "9"]
[EventCountry "CZE"]

1. d4 Nf6 2. c4 e6 3. Nf3 d5 4. Nc3 dxc4 5. e4 b5 6. e5 Nd5 7. Nxb5 Nb6 8. Qc2 Ba6
9. a4 Nc6 10. Bxc4 Nb4 11. Qe4 Nxc4 12. Nxc7+ Qxc7 13. Qxa8+ Kd7 14. Qe4 Na5 15.
Rb1 Nb3 16. Be3 Bd3 17. Qf4 Nc2+ 18. Kd1 Nxe3+ 19. fxe3 Qc2+ 20. Ke1 Qe2#  0-1

[Event "Polofinale MCR junioru 2024"]
[Site "Hotel Fit Fun, Ryžovište 427, 512 46 Harrachov v Krkonoších"]
[Date "2024.11.11"]
[Round "3"]
[Board "2"]
[White "Paseka, Matyáš"]
[Black "Lang, Šimon"]
[Result "0-1"]
[WhiteElo "2254"]
[BlackElo "2114"]
[PlyCount "0"]
[EventDate "2024.11.09"]
[EventRounds "9"]
[EventCountry "CZE"]

1. e4 c5 2. Nf3 d6 3. d4 cxd4 4. Nxd4 Nf6 5. Nc3 a6 6. Be3 e6 7. Be2 Be7 8. f4 Qc7
9. Bf3 O-O 10. g4 d5 11. exd5 Nxd5 12. Nxd5 Bh4+ 13. Kf1 exd5 14. Bxd5 Rd8 15. c4
Nc6 16. Kg2 h5 17. g5 Bg4 18. Qc1 Nxd4 19. Bxd4 Rxd5 20. cxd5 Qd7 21. Qc4 Rc8 22.
Qb3 Rc2+ 23. Qxc2 Qxd5+ 24. Kg1 Qxd4+ 25. Kg2 Qd5+ 26. Kg1 Bh3 27. Rd1 Bf2+ 28. Kxf2
Qg2+ 29. Ke3 Qxc2 30. Rd2 Qc5+ 31. Rd4 Bf5 32. Rhd1 Qb6 33. R1d2 Qe6+ 34. Kf2 Qxa2
35. Rd5 g6 36. Rd8+ Kh7 37. R8d4 Qb3  0-1

[Event "Polofinale MCR junioru 2024"]
[Site "Hotel Fit Fun, Ryžovište 427, 512 46 Harrachov v Krkonoších"]
[Date "2024.11.11"]
[Round "3"]
[Board "3"]
[White "Winter, Ondrej"]
[Black "Stocek, Martin"]
[Result "1/2-1/2"]
[WhiteElo "2230"]
[BlackElo "2082"]
[PlyCount "0"]
[EventDate "2024.11.09"]
[EventRounds "9"]
[EventCountry "CZE"]

1. e4 c6 2. Nc3 d5 3. Nf3 Bg4 4. h3 Bxf3 5. Qxf3 e6 6. Be2 Nd7 7. d4 dxe4 8. Nxe4
Ngf6 9. O-O Nxe4 10. Qxe4 Nf6 11. Qe3 Bd6 12. c4 O-O 13. b3 Qc7 14. Bb2 Rfe8 15.
Rfe1 Bb4 16. Red1 Bd6 17. g3 b6 18. Rac1 e5 19. c5 bxc5 20. dxc5 Bf8 21. Bf3 e4 22.
Bxf6 exf3 23. Qg5 Qc8 24. Kh2 h6 25. Qh5 gxf6 26. Rc4 Re5 27. Qxf3 Qe6 28. Rg4+ Kh8
29. Rf4 Kg7 30. b4 Re8 31. a3 Be7 32. Rfd4 Rf5 33. Qg4+ Rg5 34. Qf3 Bf8 35. R1d2
a5 36. Kg2 axb4 37. axb4 f5 38. Rf4 Rb8 39. Kh2 Kg8 40. Kg2 Rg6 41. Kh2 Rb7 42. Re2
Qd7 43. Re5 Re6 44. Rexf5 Bg7 45. Rg4 Rg6 46. Rgf4 Re6  1/2-1/2

[Event "Polofinale MCR junioru 2024"]
[Site "Hotel Fit Fun, Ryžovište 427, 512 46 Harrachov v Krkonoších"]
[Date "2024.11.11"]
[Round "3"]
[Board "4"]
[White "Mach, Petr"]
[Black "Jirásko, Miroslav"]
[Result "1/2-1/2"]
[WhiteElo "2080"]
[BlackElo "2215"]
[PlyCount "0"]
[EventDate "2024.11.09"]
[EventRounds "9"]
[EventCountry "CZE"]

1. e4 e6 2. d4 d5 3. Nc3 Nf6 4. Bg5 h6 5. Bxf6 Qxf6 6. exd5 Bb4 7. Bb5+ Bd7 8. Bxd7+
Nxd7 9. dxe6 Qxe6+ 10. Qe2 Bxc3+ 11. bxc3 Qxe2+ 12. Nxe2 O-O-O 13. O-O-O Nb6 14.
Rhe1 Rd5 15. Ng3 Ra5 16. Re7 Rxa2 17. Kb1 Nd5 18. Kxa2 Nxe7 19. c4 Nc6 20. d5 Nb4+
21. Ka3 a5 22. Ka4 b6 23. c5 Rd8 24. c4 bxc5 25. Kxa5 Rd6 26. Ne4 Ra6+ 27. Kb5 Ra2
28. Kxc5 Na6+ 29. Kb5 f5 30. Rd2 Ra1 31. Nc5 Nxc5 32. Kxc5 Kd7 33. Re2 Rg1 34. f3
f4 35. Kd4 g5 36. c5 c6 37. dxc6+ Kxc6 38. Re6+ Kd7 39. Rxh6 Rxg2 40. Ke4 Rc2 41.
c6+ Kc7 42. h3 Rg2 43. h4 gxh4 44. Kxf4 h3 45. Ke3 Rc2 46. Rxh3 Kxc6 47. Rh4 Rc3+
48. Kf2 Kd7 49. Re4 Rc8 50. Ke3 Rf8 51. f4 Re8 52. Rxe8 Kxe8 53. Ke4 Kf8 54. Ke5
Ke7 55. Ke4  1/2-1/2

[Event "Polofinale MCR junioru 2024"]
[Site "Hotel Fit Fun, Ryžovište 427, 512 46 Harrachov v Krkonoších"]
[Date "2024.11.11"]
[Round "3"]
[Board "5"]
[White "Ocelák, Jakub"]
[Black "Vilímek, Vít"]
[Result "1-0"]
[WhiteElo "2205"]
[BlackElo "2076"]
[PlyCount "0"]
[EventDate "2024.11.09"]
[EventRounds "9"]
[EventCountry "CZE"]

1. e4 c6 2. Nf3 d5 3. d3 Qc7 4. exd5 cxd5 5. c4 Nf6 6. Nc3 e6 7. a3 a6 8. Bg5 dxc4
9. dxc4 Be7 10. Bd3 b6 11. Bh4 Bb7 12. Bg3 Bd6 13. Qe2 Nbd7 14. Rd1 Bxg3 15. hxg3
h6 16. O-O O-O 17. Ne4 Nxe4 18. Bxe4 Bxe4 19. Qxe4 Rac8 20. b3 Rfd8 21. Qe3 Qc5 22.
Qxc5 Nxc5 23. Rxd8+ Rxd8 24. b4 Ne4 25. Rc1 Kf8 26. Kf1 Rd3 27. c5 bxc5 28. bxc5
Ke7 29. Ne5 Rd5 30. Nc6+ Kd7 31. Nb8+ Kc8 32. Nxa6 Rd2 33. c6 Rxf2+ 34. Kg1 Ra2 35.
Rb1 Kd8 36. c7+ Kd7 37. Rb8 Ra1+ 38. Kh2 Nd6 39. Rd8+ Kc6 40. Rxd6+ Kb7 41. Rb6+
 1-0

[Event "Polofinale MCR junioru 2024"]
[Site "Hotel Fit Fun, Ryžovište 427, 512 46 Harrachov v Krkonoších"]
[Date "2024.11.11"]
[Round "3"]
[Board "6"]
[White "Vyšínský, Otakar"]
[Black "Soucek, Jan"]
[Result "1/2-1/2"]
[WhiteElo "1994"]
[BlackElo "2188"]
[PlyCount "0"]
[EventDate "2024.11.09"]
[EventRounds "9"]
[EventCountry "CZE"]

1. e4 c6 2. c4 d5 3. exd5 cxd5 4. cxd5 Nf6 5. Nc3 Nxd5 6. d4 g6 7. Bc4 Nb6 8. Bb3
Bg7 9. Nf3 O-O 10. d5 Na6 11. Be3 Bg4 12. h3 Bxf3 13. Qxf3 Rc8 14. O-O Nc4 15. Bxc4
Rxc4 16. Rac1 Qd7 17. Rfe1 Nc7 18. Qe2 b5 19. Bxa7 Bxc3 20. Rxc3 Rxc3 21. bxc3 Nxd5
22. Bd4 Rc8 23. Qb2 f6 24. Rc1 Nf4 25. Be3 Qf5 26. Bxf4 Qxf4 27. Re1 Qa4 28. Qb4
Qxb4 29. cxb4 Kf7 30. a3 Rc3 31. Rd1 Ke6 32. Rd8 Rxa3 33. Rb8 Ra1+ 34. Kh2 Kf5 35.
Rxb5+  1/2-1/2

[Event "Polofinale MCR junioru 2024"]
[Site "Hotel Fit Fun, Ryžovište 427, 512 46 Harrachov v Krkonoších"]
[Date "2024.11.11"]
[Round "3"]
[Board "7"]
[White "Jun, Rudolf"]
[Black "Andrle, Filip"]
[Result "1/2-1/2"]
[WhiteElo "2186"]
[BlackElo "1958"]
[PlyCount "0"]
[EventDate "2024.11.09"]
[EventRounds "9"]
[EventCountry "CZE"]

1. e4 c5 2. Nf3 e6 3. g3 Nc6 4. Bg2 d6 5. O-O Nf6 6. Re1 Be7 7. b3 O-O 8. Bb2 Nd7
9. c3 d5 10. exd5 exd5 11. d4 Bf6 12. dxc5 Nxc5 13. Ba3 b6 14. Nd4 Nxd4 15. cxd4
Re8 16. Rxe8+ Qxe8 17. Nc3 Bb7 18. Bxd5 Rd8 19. Bxb7 Nxb7 20. Ne2 Qe4 21. Rc1 h6
22. Qc2 Qf3 23. Rd1 Re8 24. Nf4 Bxd4 25. Rf1 Nc5 26. Qd2 Re4 27. Bxc5 bxc5 28. Nh3
Re2 29. Qa5 g5 30. Qxa7 Be3 31. Qb8+ Kh7 32. Qd6 g4 33. Qd3+ Kg7 34. Qc3+ Kg8 35.
Qxe3 Rxe3 36. fxe3 Qxe3+ 37. Nf2 f5 38. Rd1 Kf7 39. Rd3 Qc1+ 40. Kg2 Qa3 41. Rd2
Qc1 42. Rd5 Ke6 43. Re5+ Kf6 44. Re2 Qc3 45. Re8  1/2-1/2

[Event "Polofinale MCR junioru 2024"]
[Site "Hotel Fit Fun, Ryžovište 427, 512 46 Harrachov v Krkonoších"]
[Date "2024.11.11"]
[Round "3"]
[Board "8"]
[White "Vyslyšel, Petr"]
[Black "Bokhnak, Timofey"]
[Result "0-1"]
[WhiteElo "1875"]
[BlackElo "2274"]
[PlyCount "0"]
[EventDate "2024.11.09"]
[EventRounds "9"]
[EventCountry "CZE"]

1. d4 Nf6 2. c4 c5 3. dxc5 e6 4. Nc3 Bxc5 5. Nf3 O-O 6. Bf4 Qb6 7. e3 Qxb2 8. Be5
Bb4 9. Qc1 Qxc1+ 10. Rxc1 Nc6 11. Bxf6 gxf6 12. Be2 Rd8 13. O-O Kf8 14. Rfd1 b6 15.
Nd4 Bb7 16. Bf3 Na5 17. Ne4 f5 18. Nd2 Bxf3 19. gxf3 Rac8  0-1

[Event "Polofinale MCR junioru 2024"]
[Site "Hotel Fit Fun, Ryžovište 427, 512 46 Harrachov v Krkonoších"]
[Date "2024.11.11"]
[Round "3"]
[Board "9"]
[White "Bezdek, Tomáš"]
[Black "Nešpurek, Jakub"]
[Result "1-0"]
[WhiteElo "2215"]
[BlackElo "1879"]
[PlyCount "0"]
[EventDate "2024.11.09"]
[EventRounds "9"]
[EventCountry "CZE"]

1. e4 e5 2. Bc4 Nf6 3. d3 Nc6 4. Nf3 Bc5 5. c3 d6 6. h3 h6 7. O-O O-O 8. Re1 Re8
9. Nbd2 a6 10. Bb3 b5 11. Nf1 Ne7 12. d4 exd4 13. cxd4 Bb4 14. Bd2 Bxd2 15. Qxd2
d5 16. e5 Ne4 17. Qf4 Ng6 18. Qe3 Bb7 19. N1d2 Nxd2 20. Qxd2 Rc8 21. Qd3 c5 22. dxc5
Rxc5 23. Bc2 Qc7 24. Rac1 d4 25. e6 Bxf3 26. exf7+ Qxf7 27. Rxe8+ Qxe8 28. Bb3+ Kh8
29. Rxc5 Bxg2 30. Qxd4 Bf3 31. Qc3 Qe2 32. Rc8+ Kh7 33. Bg8+  1-0

[Event "Polofinale MCR junioru 2024"]
[Site "Hotel Fit Fun, Ryžovište 427, 512 46 Harrachov v Krkonoších"]
[Date "2024.11.11"]
[Round "3"]
[Board "10"]
[White "Bohácek, Jan Andrej"]
[Black "Janouš, Marek"]
[Result "1-0"]
[WhiteElo "2118"]
[BlackElo "2177"]
[PlyCount "0"]
[EventDate "2024.11.09"]
[EventRounds "9"]
[EventCountry "CZE"]

1. e4 c5 2. Nf3 e6 3. b3 Nf6 4. e5 Nd5 5. Bb2 Nc6 6. Nc3 Nxc3 7. dxc3 Be7 8. Qe2
O-O 9. O-O-O f6 10. c4 fxe5 11. Nxe5 Qc7 12. f4 Rxf4 13. Nxc6 Qxc6 14. Qe5 Rf6 15.
Qh5 Rh6 16. Qe8+ Bf8 17. Bd3 d6 18. Qd8 Qd7 19. Qg5 Qe7 20. Qg3 e5 21. Rhf1 Be6 22.
Kb1 Rh4 23. Bc1 Rg4 24. Qf3 g6 25. h3 Rh4 26. Qg3 Rh5 27. Rf3 Bg7 28. Rdf1 Rf8 29.
Rxf8+ Bxf8 30. Rf3 Bg7 31. Qf2 e4 32. Bxe4 Bxc4 33. Re3 Bd4 34. bxc4 Bxe3 35. Qxe3
Re5 36. Bd5+ Kf8 37. Qf3+ Rf5 38. Qc3 Ke8 39. Qh8+ Rf8 40. Qb2 b6 41. Qb5+ Kd8 42.
Qc6 Rf1 43. Qa8+ Kd7 44. Qxa7+ Ke8 45. Qb8+ Qd8 46. Qxd8+ Kxd8 47. Kb2 Kc7 48. a4
Re1 49. Bg5 Re5 50. h4 Re8 51. Kc3 Kd7 52. Kd3 Re1 53. Bg8 Ke8 54. g4 Kf8 55. Bd5
Ke8 56. Bf3 Ra1 57. Bc6+ Kf8 58. Bd8 Rd1+ 59. Kc3 Rb1 60. Bb5 d5 61. Bxb6 dxc4 62.
Bxc5+ Kf7 63. Kxc4 Ke6 64. a5 Ra1 65. a6 Ra2 66. c3 Ke5 67. a7 Kf4 68. Bc6 Kxg4 69.
a8=Q Rxa8 70. Bxa8 Kxh4 71. Be4 Kg5 72. Kd5 h5 73. Be7 Kh6 74. c4 g5 75. c5 h4 76.
Bf5 Kh5 77. c6 g4 78. Bxg4 Kxg4 79. Bxh4  1-0

[Event "Polofinale MCR junioru 2024"]
[Site "Hotel Fit Fun, Ryžovište 427, 512 46 Harrachov v Krkonoších"]
[Date "2024.11.11"]
[Round "3"]
[Board "11"]
[White "Zezula, Jakub"]
[Black "Šprinar, Michal"]
[Result "1-0"]
[WhiteElo "2163"]
[BlackElo "1980"]
[PlyCount "0"]
[EventDate "2024.11.09"]
[EventRounds "9"]
[EventCountry "CZE"]

1. e4 e6 2. d4 d5 3. Nd2 Nf6 4. e5 Nfd7 5. Bd3 c5 6. c3 Nc6 7. Ne2 cxd4 8. cxd4 f6
9. exf6 Nxf6 10. O-O Bd6 11. Nf3 Qc7 12. Bg5 O-O 13. Rc1 h6 14. Bh4 Nh5 15. Bb1 Rxf3
16. gxf3 Bxh2+ 17. Kg2 Nf4+ 18. Nxf4 Qxf4 19. Bg3 Bxg3 20. fxg3 Qf6 21. Qd3 Bd7 22.
Rcd1 Rc8 23. Rh1 Nb4 24. Qh7+ Kf7 25. Rh4 e5 26. Re1 Rc4 27. Rxe5 Rxd4 28. Bg6+ Qxg6
29. Qxg6+ Kxg6 30. Rxd4 Nc6 31. Rexd5 Be6 32. a3 Nxd4 33. Rxd4 Kf6 34. g4 Ke5 35.
Rb4 Bd5 36. Kg3 g5 37. f4+ gxf4+ 38. Rxf4 Be4 39. Rf2 Bg6 40. Rh2  1-0